Border to Border #11 - Statistics

General Stats
  • This quiz has been taken 100 times
    69 since last reset
  • The average score is 25 of 29
Answer Stats
Starting Country: Namibia B. % Correct
Angola D.
100%
Botswana Z.
100%
Democratic Republic of the Congo R.
100%
Zambia A.
100%
Zimbabwe Z.
100%
Republic of the Congo G.
91%
Cameroon N.
89%
Equatorial Guinea C.
89%
Gabon E.
89%
Nigeria C.
89%
Chad N.
87%
Libya S.
87%
Niger L.
87%
Sudan E.
87%
Burundi T.
85%
Eritrea E.
85%
Ethiopia S.
85%
Kenya U.
85%
Malawi M.
85%
Mozambique S.
85%
Rwanda B.
85%
Somalia K.
85%
Tanzania M.
85%
Uganda R.
85%
Lesotho S.
72%
South Africa L.
72%
Swaziland S.
72%
Namibia
70%
South Africa N.
70%
No matching quizzes found
Score Distribution
Percent of People with Each Score
Percentile by Number Answered
Your Score History
You have not taken this quiz since the last reset